| 000 | 01256nam a22002777a 4500 | ||
|---|---|---|---|
| 999 |
_c17755 _d17755 |
||
| 003 | AR-CdUCM | ||
| 008 | 190509b ||||| |||| 00| 0 spa d | ||
| 040 |
_aMUNICIPALIDAD PROVINCIAL DEL CUSCO _cBIBLIOTECA MUNICIPAL DEL CUSCO |
||
| 082 |
_a338.19 / _bAS81 |
||
| 100 |
_aAsher, Robert E. _937923 |
||
| 245 | _aEl desarrollo de los países nuevos / | ||
| 260 |
_aMéxico : _bHerrero hermanos, _c1964. |
||
| 300 |
_a301 paginas ; _c24 cm. |
||
| 500 | _aTitulo original : Development of the emeging countries | ||
| 505 | _aContenido : Un marco general para el análisis de los cambios económicos y políticos -- La interrelación de los cambios sociales, culturales, políticos y técnico-económicos -- Algunas observaciones sobre la estabilidad y el cambio político -- La programación nacional como guía para el desarrollo ... | ||
| 650 |
_aCambios económicos _94341 |
||
| 650 |
_aGuía para el desarrollo _937924 |
||
| 650 |
_aPlanificación del desarrollo _937925 |
||
| 650 |
_aInvestigación y sus funciones _937926 |
||
| 700 |
_aHagen, Everett _937927 |
||
| 700 |
_aHirschman, Albert _937928 |
||
| 700 |
_aColm, Gerhard _937929 |
||
| 700 |
_aCeron Ayuso, Julio (Traducción) _937930 |
||
| 942 |
_2ddc _cLIBROS |
||
| 945 |
_awnts _d2019-05-09 |
||